000 00486nam a2200181Ia 4500
008 151121s9999||||xx |||||||||||||| ||und||
082 _a832/घोष
082 _bHNW-18671
100 _aघोष नवकृष्ण
245 _aशाहजहाँ
260 _c--
300 _a174
600 _aघोष नवकृष्ण
630 _aशाहजहाँ
700 _aघोष नवकृष्ण
730 _aशाहजहाँ
942 _cBOOK
999 _c1220505
_d1220502